000 00509pab a2200181 454500
008 180718b2009 xxu||||| |||| 00| 0 eng d
100 _aHilson, Gavin
245 _aAre alternative livelihood projects alleviating poverty in mining communities? Experiences from Ghana
260 _c2009
300 _ap.172-96.
362 _aFeb
650 _aPoverty - Ghana
650 _aPoverty
700 _aBanchirigah, Sadia Mohammed
773 _aJournal of Development Studies
908 _aN
909 _a82705
999 _c82705
_d82705